000 00534nam a22001817a 4500
003 OSt
005 20140310182143.0
008 130829t xxu||||| |||| 00| 0 eng d
050 _aUB 251
_b.W899 1987
082 _aHS 808.83
_bR22 1983
245 _aVeil :
_cBob Woodward
_bthe secret wars of the CIA /
260 _aLondon :
_bSimon Schuster,
_cc1987.
300 _a543 p. :
_bill. ;
_c25 cm.
650 _aUnited States
_xForeign relations
_915772
650 _aSecret service
_xU.S.
_915773
942 _2lcc
_cHS
999 _c9885
_d9885